000 00355nam a22001217a 4500
020 _a9780070530447
082 _222
_a621.381521
100 _aFranco, Sergio.
245 _aDesign with operational amplifiers and analog integrated circuits /
260 _aNew Delhi,
_bTata McGraw HIll,
_cc2007.
300 _axiv, 658 p. ;
_bill. ;
_c23 cm.
942 _2ddc
_cEE
999 _c2026
_d2026